Fantasía e imaginación: su poder en la enseñanza: una alternativa a la enseñanza y el aprendizaje en la educación infantil y primaria
Guardat en:
| Autor principal: | |
|---|---|
| Format: | Llibre |
| Idioma: | espanyol |
| Publicat: |
Madrid
Morata
1994
|
| Edició: | 1a. ed |
| Col·lecció: | Colección Pedagogía: Educación Infantil y Primaria
|
| Matèries: | |
| Etiquetes: |
Afegir etiqueta
Sense etiquetes, Sigues el primer a etiquetar aquest registre!
|
MARC
| LEADER | 00000nam a2200000 a 4500 | ||
|---|---|---|---|
| 001 | UCG3574 | ||
| 003 | CL-VaPUC | ||
| 008 | 100902e19940000sp |||||||||||||||||spa|d | ||
| 020 | |a 9788471123985 | ||
| 082 | 0 | 4 | |a 372.416 |b EGA |2 21 |
| 100 | 0 | |a Egan, Kieran |e author |9 552816 | |
| 245 | 1 | 0 | |a Fantasía e imaginación: su poder en la enseñanza: una alternativa a la enseñanza y el aprendizaje en la educación infantil y primaria |
| 250 | |a 1a. ed | ||
| 300 | |a 167 p | ||
| 942 | |c BK | ||
| 945 | |d 20100902 00:00:00 |a mfarfan | ||
| 260 | |a Madrid |b Morata |c 1994 | ||
| 650 | 0 | |a Métodos de enseñanza |9 270413 | |
| 650 | 0 | |a Educación básica |9 224933 | |
| 490 | 0 | |a Colección Pedagogía: Educación Infantil y Primaria | |
| 999 | |c 342628 |d 342626 | ||
| 583 | |k Rodrigo Vera | ||
| 952 | |0 0 |1 0 |4 0 |6 372_416000000000000_EGA_1994 |7 0 |8 A |9 439012 |a BIBEDU |b BIBEDU |c ES_NOD |d 2019-11-22 |i 4716302 |o 372.416 EGA 1994 |p 4716302 |r 2023-08-09 |w 2019-11-22 |y BK |k PAR | ||
| 952 | |0 0 |1 0 |4 0 |6 372_416000000000000_EGA_1994 |7 0 |8 A |9 439013 |a BIBEDU |b BIBEDU |c ES_NOD |d 2019-11-22 |i 4716310 |l 2 |o 372.416 EGA 1994 |p 4716310 |r 2023-08-09 |s 2022-08-18 |w 2019-11-22 |y BK |k PAR | ||
| 952 | |0 0 |1 0 |4 0 |6 372_416000000000000_EGA_1994 |7 0 |8 A |9 439014 |a BIBEDU |b BIBEDU |c ES_NOD |d 2019-11-22 |i 4716329 |o 372.416 EGA 1994 |p 4716329 |r 2023-08-09 |w 2019-11-22 |y BK |k PAR | ||